Vista normal
Vista MARC
Entrada Personal Name
Número de registros utilizados en: 2
001 - CONTROL NUMBER
- control field: 9789
003 - CONTROL NUMBER IDENTIFIER
- control field: DLC
005 - DATE AND TIME OF LATEST TRANSACTION
- control field: 20190815092523.0
008 - FIXED-LENGTH DATA ELEMENTS
- fixed length control field: 860710n| acannaabn |a aba
010 ## - LIBRARY OF CONGRESS CONTROL NUMBER
- LC control number: n 86070474
035 ## - SYSTEM CONTROL NUMBER
- System control number: (OCoLC)oca01683668
040 ## - CATALOGING SOURCE
- Original cataloging agency: DLC
- Language of cataloging: spa
- Transcribing agency: Mx-PuUPA
- Modifying agency: OCoLC
- Modifying agency: DLC
- Modifying agency: Mx-PuUPA
- Description conventions: rda
100 1# - HEADING--PERSONAL NAME
- Personal name: Cisneros Farías, Germán,
372 ## - FIELD OF ACTIVITY
- Field of activity: Derecho
374 ## - OCCUPATION
- Occupation: Autor
375 ## - GENDER
- Gender: hombre
377 ## - ASSOCIATED LANGUAGE
- Language code: spa
400 1# - SEE FROM TRACING--PERSONAL NAME
- Personal name: Farías, Germán Cisneros
670 ## - SOURCE DATA FOUND
- Source citation: [Author of El municipio como estructura de poder]
670 ## - SOURCE DATA FOUND
- Source citation: His El municipio como estructura de poder, 1982:
- Information found: t.p. (Germán Cisneros Farías) prelim. p. iii (Lic.; prof. at the Univ. Aut. de Nuevo León)
670 ## - SOURCE DATA FOUND
- Source citation: [Author of Psicología del aprendizaje]
670 ## - SOURCE DATA FOUND
- Source citation: His Psicología del aprendizaje, 1974:
- Information found: t.p. (Germán Cisneros Farías)
670 ## - SOURCE DATA FOUND
- Source citation: Lógica jurídica, 2009
- Information found: portada (Germán Cisnero Farías)
670 ## - SOURCE DATA FOUND
- Source citation: Biblioteca del congreso (Estados Unidos), 15 agosto 2019:
- Information found: Catálogo electrónico
- Uniform Resource Identifier: http://bit.ly/33Bepsx
675 ## - SOURCE DATA NOT FOUND
- Source citation: Dicc. Porrúa, 1971;
- Source citation: Dicc. biog. de Méx., c1968;
- Source citation: QQ Argentina, 1968;
- Source citation: 1982;
- Source citation: Gran. encic. arg., 1956;
- Source citation: Nue. dicc. biog. arg., 1969.